[Event "Vancouver Open"]
[Site "Vancouver, WA"]
[Date "2014.08.09"]
[Round "2"]
[White "Botez Andrea  (OR)"]
[Black "Yoshinaga David  (OR)"]
[Result "1/2-1/2"]
[WhiteElo "1531"]
[BlackElo "1700"]
[Annotator ""]
[Source ""]
[Remark "Reserve"]

1.d4 f5 2.e3 Nf6 3.c4 e6 4.Nc3 b6 5.Nf3 Bb7 6.Be2 Bd6 7.a3 O-O
8.O-O a6 9.b4 Qe8 10.Ne5 Bxe5 11.dxe5 Qg6 12.Bf3 Bxf3 13.Qxf3
Ne4 14.Ne2 Nc6 15.Nf4 Nxe5 16.Nxg6 Nxf3+ 17.gxf3 hxg6 18.fxe4
fxe4 19.Bb2 d6 20.Rac1 Rf5 21.Rfd1 Raf8 22.Rc2 Rg5+ 23.Kh1 Rgf5
24.Kg1 Kf7 25.Rd4 Rg5+ 26.Kf1 Rg4 27.f3 Ke7 28.f4 g5 29.Rf2 gxf4
30.Rxe4 g5 31.Bg7 Rf7 32.Bb2 Rf5 33.exf4 Rgxf4 34.Rexf4 Rxf4
35.Bc1 Rxf2+ 36.Kxf2 Kf6 37.Kf3 Kf5 38.h3 e5 39.Be3 b5 40.cxb5
axb5 41.Ba7 c6 42.Bb6 d5 43.Ke3 g4 44.hxg4+ Kxg4 45.Bc5 Kf5 46.Bb6
Ke6 1/2-1/2

[Event "Vancouver Open"]
[Site "Vancouver, WA"]
[Date "2014.08.09"]
[Round "2"]
[White "Shao Nathan  (CAN)"]
[Black "Pupols Viktors  (WA)"]
[Result "1-0"]
[WhiteElo "1960"]
[BlackElo "2200"]
[Annotator ""]
[Source ""]
[Remark "Open"]

1.e4 e5 2.Bc4 Nc6 3.Nf3 Nf6 4.d3 Be7 5.Nc3 O-O 6.O-O d6 7.h3
Na5 8.Bb3 Nxb3 9.axb3 c6 10.d4 Qc7 11.Qe2 b5 12.Rd1 b4 13.Nb1
exd4 14.Nxd4 c5 15.Nf5 Bxf5 16.exf5 Rfe8 17.Bf4 Bf8 18.Qd3 Rad8
19.Ra6 h6 20.Nd2 Qb7 21.Rda1 Qd5 22.Rxa7 Qxd3 23.cxd3 Nd5 24.Bg3
Re2 25.Nc4 Be7 26.Kf1 Rc2 27.Ke1 Bf6 28.Kd1 Bxb2 29.Kxc2 Bxa1
30.Rxa1 Re8 31.Kd2 Nc3 32.Re1 Ra8 33.Bxd6 1-0

[Event "Vancouver Open"]
[Site "Vancouver, WA"]
[Date "2014.08.09"]
[Round "2"]
[White "Buck Stephen  (WA)"]
[Black "Truluck Maxwell  (WA)"]
[Result "1/2-1/2"]
[WhiteElo "1727"]
[BlackElo "1529"]
[Annotator ""]
[Source ""]
[Remark "Reserve"]

1.c4 e5 2.Nc3 d6 3.Nf3 Be6 4.d3 h6 5.e4 Nd7 6.Be2 f5 7.exf5 Bxf5
8.O-O Ngf6 9.Nh4 Be6 10.Ng6 Rg8 11.f4 Bf7 12.Nxf8 Rxf8 13.fxe5
dxe5 14.Bf3 c6 15.Qe2 Qc7 16.d4 O-O-O 17.dxe5 Qxe5 18.Qxe5 Nxe5
19.b3 Rd3 20.Na4 Nxf3+ 21.gxf3 Re8 22.Kg2 Re2+ 23.Rf2 Re1 24.Bb2
Rxa1 25.Bxa1 Rd1 26.Bxf6 gxf6 27.Re2 Kd8 28.Nc5 b6 29.Ne4 f5
30.Ng3 Bg6 31.Kf2 1/2-1/2

[Event "Vancouver Open"]
[Site "Vancouver, WA"]
[Date "2014.08.09"]
[Round "2"]
[White "Allen Robert  (WA)"]
[Black "Zhang Gavin  (OR)"]
[Result "1-0"]
[WhiteElo "1760"]
[BlackElo "1551"]
[Annotator ""]
[Source ""]
[Remark "Reserve"]

1.d4 d5 2.c4 e6 3.Nc3 Nf6 4.Bg5 Be7 5.Nf3 h6 6.Bh4 O-O 7.e3 c6
8.Bd3 Nbd7 9.O-O dxc4 10.Bxc4 Nd5 11.Bxe7 Qxe7 12.Rc1 Nxc3 13.Rxc3
c5 14.Qe2 b6 15.Rd1 Bb7 16.d5 exd5 17.Bxd5 Bxd5 18.Rxd5 Nf6 19.Rd1
Rad8 20.Rcd3 Rxd3 21.Qxd3 Qe4 22.Qxe4 Nxe4 23.Rd7 a6 24.Kf1 Rc8
25.Ra7 a5 26.Rb7 Rc6 27.Ne5 Rf6 28.f3 Re6 29.Nxf7 Nd2+ 30.Ke2
Nc4 31.e4 Nxb2 32.Kd2 Rf6 33.Ne5 Rd6+ 34.Kc2 Na4 35.Kb3 Rd4 36.Nc6
Rd2 37.Kxa4 Rxa2+ 38.Kb3 Rxg2 39.Rxb6 Rxh2 40.Rb5 Rf2 41.Ne5
h5 42.Rxa5 h4 43.Rxc5 h3 44.Rc1 h2 45.Kc3 Rg2 46.Rh1 Kh7 47.Kd3
Kh6 48.Ng4+ 1-0

[Event "Vancouver Open"]
[Site "Vancouver, WA"]
[Date "2014.08.09"]
[Round "2"]
[White "Ethen Mark  (OR)"]
[Black "Yee Nathaniel  (WA)"]
[Result "0-1"]
[WhiteElo "1524"]
[BlackElo "1796"]
[Annotator ""]
[Source ""]
[Remark "Reserve"]

1.d4 d5 2.c4 e6 3.Nf3 Nf6 4.Nc3 c6 5.e3 Nbd7 6.Qc2 Be7 7.Bd3
dxc4 8.Bxc4 b5 9.Bd3 Bb7 10.e4 h6 11.O-O O-O 12.h3 a6 13.Be3
Rc8 14.a3 c5 15.Qd2 cxd4 16.Nxd4 Nc5 17.e5 Nd5 18.Nxd5 Qxd5 19.f3
Qxe5 20.Bb1 Rfd8 21.Qf2 Bh4 22.Qxh4 Qxe3+ 0-1

[Event "Vancouver Open"]
[Site "Vancouver, WA"]
[Date "2014.08.09"]
[Round "1"]
[White "Yoshinaga David  (OR)"]
[Black "Chandrasekar Siddharth  (WA)"]
[Result "1-0"]
[WhiteElo "1700"]
[BlackElo "1437"]
[Annotator ""]
[Source ""]
[Remark "Reserve"]

1.e4 e5 2.Nf3 Nc6 3.d4 exd4 4.c3 dxc3 5.Bc4 Nf6 6.e5 d5 7.Bb3
Ng4 8.Bxd5 c2 9.Bxc6+ bxc6 10.Qxc2 Bb4+ 11.Bd2 Bxd2+ 12.Nbxd2
Qd5 13.O-O O-O 14.Rfe1 Re8 15.Qc3 Bb7 16.Qb4 c5 17.Qxg4 Rad8
18.Qe4 Qxe4 19.Nxe4 Bxe4 20.Rxe4 f6 21.Rc1 fxe5 22.Rxe5 Rxe5
23.Nxe5 Rd2 24.f4 Rxb2 25.Rxc5 Rxa2 26.Rxc7 h6 27.Nc6 a5 28.Ra7
a4 29.Nb4 Ra1+ 30.Kf2 a3 31.Kg3 Rb1 32.Nc2 Rb3+ 33.Kh4 Rb2 34.Nxa3
Rxg2 35.Kh3 Rg6 36.Nc4 h5 37.Ne5 Rf6 38.Kg3 Rf5 39.h4 Kh7 40.Nf3
Rd5 41.Ng5+ Kg6 42.Kf3 Kf5 43.Rf7+ Kg6 44.Rf8 Rd3+ 45.Ke4 Rg3
46.f5+ Kh6 47.Rh8# 1-0

[Event "Vancouver Open"]
[Site "Vancouver, WA"]
[Date "2014.08.09"]
[Round "3"]
[White "Pupols Viktors  (WA)"]
[Black "Bhatnagar Aryan  (WA)"]
[Result "1-0"]
[WhiteElo "2200"]
[BlackElo "579"]
[Annotator ""]
[Source ""]
[Remark "Open"]

1.d4 d5 2.c4 c6 3.Nf3 Nf6 4.Nc3 Be6 5.Ng5 g6 6.Nxe6 fxe6 7.Bf4
Nbd7 8.e3 Qa5 9.Be2 Ne4 10.Qc2 Nxc3 11.bxc3 c5 12.O-O Bg7 13.Bg4
Qb6 14.Rab1 Qc6 15.Bf3 O-O 16.Qb3 cxd4 17.cxd4 Qa6 18.cxd5 exd5
19.Qxd5+ Kh8 20.Qxd7 e6 21.Rxb7 Rad8 22.Qxg7# 1-0

[Event "Vancouver Open"]
[Site "Vancouver, WA"]
[Date "2014.08.09"]
[Round "3"]
[White "Feng Roland  (WA)"]
[Black "Golub David  (WA)"]
[Result "0-1"]
[WhiteElo "2305"]
[BlackElo "2280"]
[Annotator ""]
[Source ""]
[Remark "Open"]

1.d4 Nf6 2.c4 g6 3.Nc3 d5 4.Bg5 Ne4 5.Bh4 Nxc3 6.bxc3 Bg7 7.e3
Nc6 8.Nf3 O-O 9.cxd5 Qxd5 10.Be2 Re8 11.O-O Na5 12.Bg3 c5 13.Qa4
Nc6 14.Bc4 Qd8 15.Rfd1 Bd7 16.Qa3 Qa5 17.Qb3 Nd8 18.a4 Be6 19.Bxe6
Nxe6 20.Qxb7 Qxc3 21.Rac1 Qa5 22.d5 Nf8 23.Rc4 Rac8 24.Rb1 Qd8
25.e4 e6 26.Rd1 exd5 27.Rxd5 Qb6 28.Qxb6 axb6 29.Rd6 Re6 30.Kf1
Rxd6 31.Bxd6 Ne6 32.Ke2 Rd8 33.Be5 Bxe5 34.Nxe5 Nd4+ 35.Ke3 f6
36.Nd3 Nc6 37.Nf4 Na5 38.Rc3 Rd4 39.Nd5 Nc4+ 40.Rxc4 Rxc4 41.Nxb6
Rb4 42.Nd7 c4 43.Nxf6+ Kg7 44.Nd5 Rxa4 45.Kd4 c3+ 46.Kxc3 Ra2
47.Kd4 Rxf2 48.Ne3 h5 49.e5 Kf7 50.Kd5 Re2 51.Ke4 Ra2 52.h3 Ke6
53.Kf4 Ra4+ 54.Kg5 Re4 55.Nf1 Kf7 56.g4 Rxe5+ 57.Kf4 Re1 58.Ng3
h4 59.Ne4 Rh1 60.Ke5 Ke7 61.Ng5 Rh2 62.Kf4 Kf6 63.Ne4+ Kg7 64.Ng5
Rh1 65.Ke5 Rf1 66.Ne6+ Kh6 67.g5+ Kh5 68.Kd6 Rf5 69.Ke7 Rxg5 0-1

[Event "Vancouver Open"]
[Site "Vancouver, WA"]
[Date "2014.08.09"]
[Round "3"]
[White "Yoshinaga David  (OR)"]
[Black "Winkler Jake  (OR)"]
[Result "1-0"]
[WhiteElo "1700"]
[BlackElo "1528"]
[Annotator ""]
[Source ""]
[Remark "Reserve"]

1.e4 e5 2.Nf3 Nc6 3.d4 exd4 4.c3 d5 5.exd5 Qxd5 6.cxd4 Nf6 7.Nc3
Bb4 8.Be2 O-O 9.O-O Bxc3 10.bxc3 Qd8 11.Bg5 h6 12.Bh4 g5 13.Bg3
Ne4 14.Qc2 Nxg3 15.fxg3 Ne7 16.Bc4 Bf5 17.Qb3 Rb8 18.Ne5 Qe8
19.Rae1 a6 20.g4 b5 21.Bxf7+ Rxf7 22.Nxf7 Qxf7 23.Rxe7 Qxb3 24.axb3
Kf8 25.Rxc7 Kg8 26.Rxf5 Re8 27.Kf2 Rd8 28.Rff7 a5 29.Rg7+ Kh8
30.Rh7+ Kg8 31.Rxh6 Ra8 32.Rch7 1-0

[Event "Vancouver Open"]
[Site "Vancouver, WA"]
[Date "2014.08.09"]
[Round "3"]
[White "Sinanan Joshua  (WA)"]
[Black "Raptis Nick  (OR)"]
[Result "1/2-1/2"]
[WhiteElo "2269"]
[BlackElo "2350"]
[Annotator ""]
[Source ""]
[Remark "Open"]

1.d4 Nf6 2.c4 g6 3.Nc3 Bg7 4.e4 d6 5.Nge2 O-O 6.Ng3 c5 7.d5 e6
8.Be2 exd5 9.cxd5 Na6 10.O-O Nc7 11.Be3 Re8 12.Rb1 Bd7 13.a3
a5 14.Qd2 b5 15.b4 axb4 16.axb4 cxb4 17.Rxb4 Na6 18.Rbb1 b4 19.Na2
Nxe4 1/2-1/2

[Event "Vancouver Open"]
[Site "Vancouver, WA"]
[Date "2014.08.09"]
[Round "3"]
[White "Truluck Maxwell  (WA)"]
[Black "Stump Karl  (WA)"]
[Result "0-1"]
[WhiteElo "1529"]
[BlackElo "1658"]
[Annotator ""]
[Source ""]
[Remark "Reserve"]

1.e4 c5 2.Nf3 d6 3.d4 cxd4 4.Nxd4 Nf6 5.Nc3 g6 6.Be3 Bg7 7.f3
O-O 8.Qd2 Nc6 9.O-O-O Bd7 10.Be2 Rc8 11.Nxc6 bxc6 12.g4 Qa5 13.a3
Rb8 14.h4 Rxb2 15.Kxb2 Nxe4 16.fxe4 Rb8+ 17.Ka2 Bxc3 18.Qc1 Be6+
19.Rd5 Bxd5+ 20.exd5 Qxd5+ 21.Bc4 Qxc4# 0-1

[Event "Vancouver Open"]
[Site "Vancouver, WA"]
[Date "2014.08.09"]
[Round "3"]
[White "Mathews Daniel  (WA)"]
[Black "Allen Robert  (WA)"]
[Result "0-1"]
[WhiteElo "1744"]
[BlackElo "1760"]
[Annotator ""]
[Source ""]
[Remark "Reserve"]

1.e4 c5 2.Nf3 d6 3.d4 cxd4 4.Nxd4 Nf6 5.Nc3 g6 6.Nf3 Nc6 7.Be2
Bg7 8.O-O O-O 9.Nd4 Nxe4 10.Nxc6 Nxc3 11.Nxd8 Nxd1 12.Nxf7 Nxb2
13.Nh6+ Kh8 14.Rb1 Na4 15.Bc4 e6 16.Bd2 d5 17.Bb3 Nc3 18.Bxc3
Bxc3 19.Ng4 b6 20.Ne3 Ba6 21.Rfd1 Be2 22.Bxd5 exd5 23.Rxd5 Rad8
24.Rg5 Bf6 25.Rg3 Be5 26.Rh3 Rf4 27.Re1 Ba6 28.g3 Rf3 29.Ng4
Bc3 30.Re7 h5 31.Nh6 Rdf8 32.Rxa7 Rxf2 0-1

[Event "Vancouver Open"]
[Site "Vancouver, WA"]
[Date "2014.08.09"]
[Round "3"]
[White "Huang Patrtick  (CAN)"]
[Black "Richards Jerrold  (WA)"]
[Result "1-0"]
[WhiteElo "1449"]
[BlackElo "1305"]
[Annotator ""]
[Source ""]
[Remark "Reserve"]

1.e4 e6 2.d4 d5 3.e5 c5 4.c3 cxd4 5.cxd4 Ne7 6.Bd3 Qb6 7.Nf3
Nbc6 8.a3 Bd7 9.Bc2 f6 10.O-O fxe5 11.Nxe5 Nxe5 12.dxe5 g6 13.b4
Bg7 14.Bb2 Nc6 15.Kh1 O-O-O 16.f4 Rhf8 17.Nd2 Ne7 18.Nb3 Nf5
19.Bxf5 Rxf5 20.Bd4 Qb5 21.Rc1+ Kb8 22.Rc5 Qa4 23.Ra5 Qc6 24.Bxa7+
Kc7 25.Rc5 {  The remaining five moves are indecipherable, but the result is clear.}
 1-0

[Event "Vancouver Open"]
[Site "Vancouver, WA"]
[Date "2014.08.09"]
[Round "3"]
[White "Hendricks David  (WA)"]
[Black "Smith Claire  (WA)"]
[Result "1-0"]
[WhiteElo "1674"]
[BlackElo "591"]
[Annotator ""]
[Source ""]
[Remark "Reserve"]

1.d4 d5 2.Bf4 e6 3.e3 Nf6 4.Nf3 Be7 5.h3 O-O 6.Bd3 c5 7.c3 Qb6
8.b3 Ne4 9.Nfd2 f5 10.f3 Bh4+ 11.g3 Bxg3+ 12.Bxg3 Nxg3 13.Rg1
Nh5 14.f4 Nf6 15.Qe2 Qc7 16.Qg2 Rf7 17.Nf3 Kf8 18.Ne5 Re7 19.Nd2
g6 20.Qg5 Ne4 21.Bxe4 dxe4 22.h4 Nc6 23.Qf6+ Rf7 {?}
( 23...Kg8 ) 24.Qh8+ Ke7 25.Nxf7 Nd8 26.Nxd8 Qxd8 27.Qxh7+ Kd6
28.Nc4+ Kd5 29.dxc5 Bd7 30.Rd1+ Kxc5 31.Rxd7 Qh8 32.Qe7+ Kb5
33.Rxb7+ Ka6 34.Qxe6+ Kxb7 35.Na5+ Kb8 36.Qd6+ Kc8 37.Qc6+ Kd8
38.Qxa8+ 1-0

[Event "Vancouver Open"]
[Site "Vancouver, WA"]
[Date "2014.08.09"]
[Round "3"]
[White "Lessler Peter  (WA)"]
[Black "Gafni Kevin  (NV)"]
[Result "1-0"]
[WhiteElo "2275"]
[BlackElo "2054"]
[Annotator ""]
[Source ""]
[Remark "Open"]

1.d4 Nf6 2.Nf3 g6 3.c4 Bg7 4.Nc3 O-O 5.e4 d6 6.Be2 e5 7.O-O Nc6
8.d5 Ne7 9.Ne1 Nd7 10.Be3 f5 11.f3 f4 12.Bf2 g5 13.a4 a5 14.Nd3
Ng6 15.c5 Rf7 16.cxd6 cxd6 17.Qb3 Bf8 18.Rfc1 h5 19.Nb5 Nf6 20.Na7
Bd7 21.Qb6 Qxb6 22.Bxb6 Ne8 23.b3 g4 24.Nb2 Nh4 25.Nc4 gxf3 26.Bxf3
Rg7 27.Kf2 Nf6 28.Nxa5 Nxg2 29.Bxg2 Ng4+ 30.Ke2 Nxh2 31.Rg1 Bg4+
32.Kd3 Be7 33.Nc4 Rf8 34.Bf2 h4 35.Nb5 h3 36.Bh1 Rf6 37.Nd2 Rfg6
38.Nc3 Bh5 39.Rxg6 Rxg6 40.Rg1 Ng4 41.Be1 Bd8 42.Nc4 h2 43.Rg2
f3 44.Rc2 Rf6 45.Nd1 Bf7 46.Nce3 1-0

[Event "Vancouver Open"]
[Site "Vancouver, WA"]
[Date "2014.08.10"]
[Round "4"]
[White "Buck Stephen  (WA)"]
[Black "Patel Kian  (OR)"]
[Result "1/2-1/2"]
[WhiteElo "1727"]
[BlackElo "1507"]
[Annotator ""]
[Source ""]
[Remark "Reserve"]

1.c4 Nf6 2.Nc3 e6 3.e4 d5 4.e5 Nfd7 5.Nf3 d4 6.Ne4 c5 7.d3 Nc6
8.Nd6+ Bxd6 9.exd6 Nf6 10.Bf4 O-O 11.Ng5 e5 12.Bg3 Qxd6 13.Be2
Bf5 14.O-O Qe7 15.Bf3 e4 16.Re1 Rae8 17.Nxe4 Nxe4 18.Bxe4 Bxe4
19.Rxe4 Qd7 20.Rxe8 Rxe8 21.Qd2 Qe6 22.Kf1 g6 23.Rd1 1/2-1/2

[Event "Vancouver Open"]
[Site "Vancouver, WA"]
[Date "2014.08.10"]
[Round "4"]
[White "Davis Frederick  (WA)"]
[Black "Feng Roland  (WA)"]
[Result "1/2-1/2"]
[WhiteElo "1860"]
[BlackElo "2305"]
[Annotator ""]
[Source ""]
[Remark "Open"]

1.e4 e6 2.d4 d5 3.Nc3 Nf6 4.e5 Nfd7 5.f4 c5 6.Nf3 Nc6 7.Be3 a6
8.Qd2 b5 9.g3 b4 10.Ne2 a5 11.Bg2 Ba6 12.O-O Qb6 13.Rad1 cxd4
14.Nfxd4 Bc5 15.c3 bxc3 16.bxc3 Rc8 17.Bh3 g6 18.Rf2 Bc4 19.Kh1
Nxd4 20.Bxd4 Qb5 21.Nc1 a4 22.g4 Rg8 23.f5 g5 24.Qe3 Rc6 25.Qf3
Rf8 26.Qe3 h6 27.Bg2 Bxd4 28.cxd4 Qb4 29.Qh3 Rh8 30.Qf3 Qe7 31.Re1
Rb6 32.Bf1 Qb4 33.Rd1 Rf8 34.Bg2 a3 35.Bf1 Bxf1 36.Rfxf1 Rc6
37.Rd3 Nb6 38.Rxa3 Qxd4 39.fxe6 Rxe6 40.Ra7 f6 41.Nd3 Nd7 42.Rc7
Kd8 43.Rfc1 Ke8 44.Rf1 Qe4 45.Qxe4 dxe4 46.Nc5 Nxc5 47.Rxc5 e3
48.Kg2 e2 49.Re1 fxe5 50.Rxe2 e4 51.Rc8+ Ke7 52.Rxf8 Kxf8 53.Kf2
Ra6 54.Rxe4 Rxa2+ 55.Re2 Ra4 56.Kf3 Kf7 57.Re3 Kf6 58.Rb3 Rf4+
59.Kg3 Rd4 60.h3 Rd6 1/2-1/2

[Event "Vancouver Open"]
[Site "Vancouver, WA"]
[Date "2014.08.10"]
[Round "4"]
[White "Golub David  (WA)"]
[Black "Sinanan Joshua  (WA)"]
[Result "1-0"]
[WhiteElo "2280"]
[BlackElo "2269"]
[Annotator ""]
[Source ""]
[Remark "Open"]

1.Nf3 Nf6 2.c4 e6 3.Nc3 Bb4 4.Qc2 c5 5.g4 O-O 6.g5 Ne8 7.e3 Bxc3
8.Qxc3 b6 9.Rg1 Bb7 10.Be2 d6 11.b3 e5 12.Bb2 Nc6 13.h4 Qe7 14.Nh2
Nc7 15.Ng4 Kh8 16.f4 Rae8 17.fxe5 dxe5 18.Bf3 f6 19.gxf6 gxf6
20.Bxc6 Bxc6 21.O-O-O h5 22.Nxf6 Rxf6 23.Rg5 Bf3 24.Rxe5 Qxe5
25.Qxe5 Rxe5 26.Bxe5 Bxd1 27.Bxf6+ Kh7 28.Kxd1 Kg6 29.Be7 Kf5
30.Ke2 Kg4 31.d4 1-0

[Event "Vancouver Open"]
[Site "Vancouver, WA"]
[Date "2014.08.10"]
[Round "4"]
[White "Wu Ethan  (OR)"]
[Black "Pupols Viktors  (WA)"]
[Result "1/2-1/2"]
[WhiteElo "1585"]
[BlackElo "2200"]
[Annotator ""]
[Source ""]
[Remark "Open"]

1.d4 d5 2.c4 e6 3.Nc3 Nf6 4.cxd5 exd5 5.Nf3 Be7 6.Bf4 O-O 7.h3
c6 8.e3 Bf5 9.Bd3 Bxd3 10.Qxd3 Re8 11.O-O Nbd7 12.a3 Ne4 13.Nxe4
dxe4 14.Qxe4 Bxa3 15.Qc2 Bf8 16.Ng5 Nf6 17.Be5 g6 18.Qb3 Nd5
19.Nxf7 Kxf7 20.e4 Re7 21.Qf3+ Kg8 22.exd5 Rf7 23.Qc3 Qxd5 24.Ra5
Qd7 25.Qb3 b6 26.Raa1 Qd5 27.Qxd5 cxd5 28.Ra6 Bb4 29.Rfa1 Raf8
30.f3 Ba5 31.Ra4 Rc8 32.b4 Rc4 33.Bb8 Rxd4 34.Bxa7 Rxb4 35.Rxb4
Bxb4 36.Bxb6 Rb7 37.Ra8+ Kf7 38.Bf2 Ke6 39.Re8+ Kd7 40.Rh8 Kc6
41.Rc8+ Kd7 42.Rh8 Kc6 43.Rc8+ Kd7 1/2-1/2

[Event "Vancouver Open"]
[Site "Vancouver, WA"]
[Date "2014.08.10"]
[Round "4"]
[White "Cherepakhin Olga  (WA)"]
[Black "Yoshinaga David  (OR)"]
[Result "0-1"]
[WhiteElo "1649"]
[BlackElo "1700"]
[Annotator ""]
[Source ""]
[Remark "Reserve"]

1.e4 e5 2.Nf3 f5 3.d3 Nc6 4.Nc3 Nf6 5.Bg5 Bb4 6.a3 Bxc3+ 7.bxc3
h6 8.Bxf6 Qxf6 9.Be2 fxe4 10.dxe4 Qg6 11.Nxe5 Qxe4 12.Ng6 Rg8
13.O-O Kd8 14.Bd3 Qd5 15.Re1 Qf7 16.Qe2 Re8 17.Qxe8+ Qxe8 18.Rxe8+
Kxe8 19.Re1+ Kf7 20.Re3 d5 21.Rf3+ Ke6 22.c4 d4 23.Rf8 Kd6 24.Bf5
Bxf5 25.Rxf5 Ne7 26.Nxe7 Kxe7 27.Rd5 Rd8 28.Rxd8 Kxd8 29.Kf1
Ke7 30.g4 g5 31.Ke2 Kd6 32.f4 gxf4 33.Kf3 Ke5 34.a4 a6 35.c5
b6 36.cxb6 cxb6 37.h4 b5 38.axb5 axb5 39.g5 hxg5 40.hxg5 d3 41.cxd3
b4 42.d4+ Kf5 43.d5 b3 44.d6 b2 45.d7 b1Q 0-1

[Event "Vancouver Open"]
[Site "Vancouver, WA"]
[Date "2014.08.10"]
[Round "4"]
[White "Gafni Kevin  (NV)"]
[Black "Nagase Masayuki  (WA)"]
[Result "1-0"]
[WhiteElo "2054"]
[BlackElo "2028"]
[Annotator ""]
[Source ""]
[Remark "Open"]

1.e4 c5 2.Nf3 Nc6 3.d4 cxd4 4.Nxd4 g6 5.Nc3 Bg7 6.Be3 Nf6 7.Bc4
d6 8.f3 Nd7 9.Qd2 Nb6 10.Bb3 Na5 11.Qe2 Nxb3 12.axb3 Bd7 13.Qd2
Bc6 14.Bh6 O-O 15.h4 Qd7 16.h5 Bxh6 17.Qxh6 e5 18.Nf5 f6 19.hxg6
Rfd8 20.g7 Kf7 21.Qxh7 Ke6 22.Nh6 a6 23.Qf5+ Ke7 24.g8Q Rxg8
25.Nxg8+ Rxg8 26.Rh7+ 1-0

[Event "Vancouver Open"]
[Site "Vancouver, WA"]
[Date "2014.08.10"]
[Round "4"]
[White "Allen Robert  (WA)"]
[Black "Yee Nathaniel  (WA)"]
[Result "1-0"]
[WhiteElo "1760"]
[BlackElo "1796"]
[Annotator ""]
[Source ""]
[Remark "Reserve"]

1.d4 d5 2.c4 e6 3.Nc3 Nf6 4.Bg5 Nbd7 5.Nf3 c6 6.e3 Be7 7.Bd3
dxc4 8.Bxc4 b5 9.Bd3 Bb7 10.O-O a6 11.Rc1 Rc8 12.Qe2 O-O 13.Rfd1
Re8 14.a3 a5 15.e4 Nb6 16.Bxf6 Bxf6 17.e5 Be7 18.Qe4 g6 19.Nxb5
Na4 20.Na7 Ra8 21.Nxc6 Bxc6 22.Rxc6 Nxb2 23.Ra1 Rc8 24.Bb5 Rb8
25.a4 Qd5 26.Qxd5 exd5 27.Rc2 Rxb5 28.axb5 Nc4 29.Nd2 Nxd2 30.Rxd2
Bb4 31.Rc2 Rb8 32.Kf1 Rxb5 33.Ke2 Kg7 34.Rc7 Rb6 35.Rd7 Bc3 36.Ra4
Re6 37.Rxd5 Bb4 38.Kd3 g5 39.Ke4 1-0

[Event "Vancouver Open"]
[Site "Vancouver, WA"]
[Date "2014.08.10"]
[Round "4"]
[White "Manivannan Arvind  (WA)"]
[Black "Doshi Krish  (WA)"]
[Result "1-0"]
[WhiteElo "685"]
[BlackElo "284"]
[Annotator ""]
[Source ""]
[Remark "Reserve"]

1.Nf3 d5 2.g3 c6 3.Bg2 f6 4.d3 e5 5.e4 Be6 6.O-O Bd6 7.Nc3 Ne7
8.Re1 O-O 9.d4 Nd7 10.exd5 cxd5 11.dxe5 fxe5 12.Na4 Rf5 13.Bf1
Rc8 14.c3 b5 15.Bd3 e4 16.Bc2 Rxf3 17.c4 bxa4 18.Bg5 Rxc4 19.b3
Rcc3 20.Bd2 Rxc2 21.Qxc2 Rd3 22.Bc1 axb3 23.axb3 Bf5 24.Qa2 Qa5
25.Qxa5 Nc5 26.Re3 Rd1+ 27.Re1 Rxe1+ 28.Qxe1 Nxb3 29.Rxa7 Nc6
30.Ra2 Nb4 31.Ba3 Nxa2 32.Bxd6 h6 33.Qb1 Nd2 34.Qxa2 Nf3+ 35.Kf1
e3 36.Qxd5+ Kh7 37.Qxf5+ g6 38.Qxf3 e2+ 39.Kxe2 g5 40.Be5 h5
41.Qf6 Kg8 42.Qg7# 1-0

[Event "Vancouver Open"]
[Site "Vancouver, WA"]
[Date "2014.08.10"]
[Round "4"]
[White "Berger Brian  (OR)"]
[Black "Mathews Daniel  (WA)"]
[Result "0-1"]
[WhiteElo "1439"]
[BlackElo "1744"]
[Annotator ""]
[Source ""]
[Remark "Reserve"]

1.c4 e5 2.Nc3 Nf6 3.e4 Be7 4.Nf3 d6 5.Be2 Nc6 6.d3 Bg4 7.Be3
h6 8.h3 Be6 9.Nd5 Bc8 10.a3 Nb8 11.Qa4+ Bd7 12.Qd1 Nxd5 13.cxd5
O-O 14.Qb3 Bc8 15.Rc1 c5 16.O-O b6 17.Nh2 Bg5 18.f4 exf4 19.Bxf4
Bxf4 20.Rxf4 Qg5 21.Rcf1 Bxh3 22.Bg4 Bxg4 23.Nxg4 Nd7 24.Qc3
f6 25.d4 cxd4 26.Qh3 h5 27.Nh6+ Qxh6 28.Qxd7 d3 29.Qxd6 Rac8
30.Qe6+ Kh8 31.e5 Rce8 32.Qh3 Rxe5 33.Qxd3 Qh7 34.Qf3 Qc2 35.Rf2
Qc1+ 36.Kh2 Qc7 37.g3 Qd7 38.Rh4 Qxd5 39.Qc3 Rfe8 40.Rhf4 Re1
41.R4f3 Qd1 42.Rf5 Rh1+ 43.Kg2 Qg1+ 44.Kf3 Rh3 45.Qc7 Qd1+ 46.Kg2
Qh1# 0-1

[Event "Vancouver Open"]
[Site "Vancouver, WA"]
[Date "2014.08.10"]
[Round "4"]
[White "Richards Jerrold  (WA)"]
[Black "Ethen Mark  (OR)"]
[Result "0-1"]
[WhiteElo "1305"]
[BlackElo "1524"]
[Annotator ""]
[Source ""]
[Remark "Reserve"]

1.c4 Nf6 2.g3 g6 3.Bg2 Bg7 4.Nc3 O-O 5.Nf3 d6 6.d3 e5 7.O-O Nc6
8.Bd2 Nh5 9.Qc1 f5 10.Ng5 Ne7 11.Nd5 c6 12.Nxe7+ Qxe7 13.Nf3
f4 14.gxf4 Nxf4 15.Bxf4 exf4 16.Re1 Bg4 17.e3 fxe3 18.Qxe3 Qf6
19.Qg5 Bxf3 20.Qxf6 Rxf6 21.Re7 Bxg2 22.Kxg2 Rf7 23.Re2 Raf8
24.Rae1 Bd4 25.Rf1 Rf3 26.Rd2 c5 27.a3 a6 28.Kh1 Rxf2 29.Rfxf2
Rxf2 30.Rxf2 Bxf2 31.Kg2 Bd4 32.b3 Kf7 33.b4 cxb4 34.axb4 b5
35.Kf3 Bc3 36.cxb5 axb5 37.Ke4 Ke6 38.d4 Bxb4 39.d5+ Kf6 40.Kd3
Bc5 0-1

[Event "Vancouver Open"]
[Site "Vancouver, WA"]
[Date "2014.08.10"]
[Round "5"]
[White "Bhatnagar Aryan  (WA)"]
[Black "Gupta Rohit  (OR)"]
[Result "0-1"]
[WhiteElo "579"]
[BlackElo "990"]
[Annotator ""]
[Source ""]
[Remark "Open"]

1.e4 c6 2.Nc3 d5 3.Nf3 dxe4 4.Nxe4 Bf5 5.Bd3 e6 6.b3 Nf6 7.Nxf6+
Qxf6 8.Rb1 Nd7 9.Bxf5 Qxf5 10.Nd4 Qe5+ 11.Qe2 Qxd4 12.Bb2 Qc5
13.c3 Qf5 14.O-O Bd6 15.g4 Qf4 16.Kg2 Qxh2+ 17.Kf3 Ne5+ 18.Ke4
Qg2+ 19.Ke3 Nxg4+ 20.Kd3 Qd5+ 21.Kc2 Qf5+ 22.Kd1 Qxb1+ 23.Bc1
Ne5 24.d4 Qd3+ 25.Qxd3 Nxd3 26.Bd2 O-O 27.Ke2 Nf4+ 28.Bxf4 Bxf4
29.c4 Rad8 30.Kd3 b5 31.cxb5 cxb5 32.Rc1 Bxc1 33.Kc2 Rc8+ 34.Kb1
Rc3 35.b4 Rfc8 36.a3 Rb3+ 37.Ka2 Rcc3 38.f4 Rxa3+ 39.Kb1 Rf3
40.Kxc1 Rf2 41.Kb1 Re3 42.Kc1 Re1# 0-1

[Event "Vancouver Open"]
[Site "Vancouver, WA"]
[Date "2014.08.10"]
[Round "5"]
[White "Feng Roland  (WA)"]
[Black "Colasurdo James  (WA)"]
[Result "1-0"]
[WhiteElo "2305"]
[BlackElo "2052"]
[Annotator ""]
[Source ""]
[Remark "Open"]

1.d4 Nf6 2.c4 e6 3.Nc3 Bb4 4.Qc2 O-O 5.a3 Bxc3+ 6.Qxc3 b6 7.Nf3
Bb7 8.e3 d5 9.b4 Nbd7 10.c5 Ne4 11.Qc2 Ndf6 12.Bd3 a5 13.c6 Bc8
14.b5 a4 15.O-O h6 16.Rb1 Nd6 17.Rb4 Nfe4 18.Nd2 f5 19.f3 Nf6
20.Rxa4 Rb8 21.Rf2 Qe7 22.Bb2 g5 23.Ra7 f4 24.e4 dxe4 25.Nxe4
Nd5 26.Nxd6 Qxd6 27.Bh7+ Kh8 28.Be4 Kg7 29.Re2 h5 30.Bh7 Rf6
31.Re5 Kh6 32.Be4 Rf7 33.Qb3 Ne3 34.Bb1 Nd5 35.Qd3 Rg7 36.Bc1
Ne7 37.h4 1-0

[Event "Vancouver Open"]
[Site "Vancouver, WA"]
[Date "2014.08.10"]
[Round "5"]
[White "Leung Marcus  (WA)"]
[Black "Manivannan Arvind  (WA)"]
[Result "1-0"]
[WhiteElo "1279"]
[BlackElo "685"]
[Annotator ""]
[Source ""]
[Remark "Reserve"]

1.e4 Nc6 2.d4 e6 3.Nc3 d5 4.exd5 exd5 5.Nf3 Nf6 6.Bb5 Bd7 7.O-O
g6 8.Bg5 Bg7 9.Nxd5 O-O 10.Re1 a6 11.Bc4 Be6 12.Nxc7 Qxc7 13.Bxe6
fxe6 14.Rxe6 Rae8 15.Rxe8 Rxe8 16.c3 Ne4 17.Qe2 Qc8 18.Be3 Rf8
19.Re1 Rf5 20.Qc4+ Kf8 21.d5 Rh5 22.dxc6 bxc6 23.Qxe4 Qc7 24.Bc5+
Kg8 25.Qe8+ Bf8 26.Qxf8# 1-0

[Event "Vancouver Open"]
[Site "Vancouver, WA"]
[Date "2014.08.10"]
[Round "5"]
[White "Zhang Eric  (WA)"]
[Black "Pupols Viktors  (WA)"]
[Result "1-0"]
[WhiteElo "1754"]
[BlackElo "2200"]
[Annotator ""]
[Source ""]
[Remark "Open"]

1.d4 e6 2.c4 d5 3.Nc3 b6 4.cxd5 exd5 5.Nf3 Bb7 6.Bf4 Bd6 7.Bg3
Ne7 8.e3 Nf5 9.Bd3 Nxg3 10.hxg3 Nd7 11.Qc2 Nf6 12.O-O-O g6 13.Rde1
O-O 14.Rh4 c5 15.Reh1 c4 16.Be2 Re8 17.Ng5 h5 18.g4 Nxg4 19.Rxh5
Nxf2 20.Rh8+ Kg7 21.R1h7+ Kf6 22.Rxf7+ Kxg5 23.Rh5+ gxh5 24.Qf5+
Kh4 25.Qxh5+ 1-0

[Event "Vancouver Open"]
[Site "Vancouver, WA"]
[Date "2014.08.10"]
[Round "5"]
[White "Stump Karl  (WA)"]
[Black "Seshadri Sridhar  (WA)"]
[Result "1/2-1/2"]
[WhiteElo "1658"]
[BlackElo "1674"]
[Annotator ""]
[Source ""]
[Remark "Reserve"]

1.e4 c5 2.Nf3 d6 3.d4 cxd4 4.Nxd4 Nf6 5.Nc3 a6 6.Bc4 e6 7.Bb3
Be7 8.Be3 O-O 9.g4 b5 10.g5 Ne8 11.h4 Qc7 12.h5 Nc6 13.g6 Nxd4
14.gxh7+ Kxh7 15.Bxd4 Bf6 16.Qd3 e5 17.Nd5 Qd8 18.Bb6 Qd7 19.Be3
Qd8 20.Bb6 Qd7 1/2-1/2

[Event "Vancouver Open"]
[Site "Vancouver, WA"]
[Date "2014.08.10"]
[Round "5"]
[White "Tan Alan  (WA)"]
[Black "Greger Tom  (OR)"]
[Result "1-0"]
[WhiteElo "1472"]
[BlackElo "1400"]
[Annotator ""]
[Source ""]
[Remark "Reserve"]

1.c4 Nf6 2.Nc3 e5 3.g3 Bc5 4.Bg2 Nc6 5.e3 d6 6.Nge2 Bf5 7.O-O
Rb8 8.d4 Bb6 9.b4 a6 10.c5 Ba7 11.d5 Ne7 12.Qa4+ c6 13.dxc6 O-O
14.cxb7 dxc5 15.Rd1 Bd7 16.Qxa6 cxb4 17.Qxa7 bxc3 18.Ba3 e4 19.Nxc3
Nc6 20.Qa6 Re8 21.Bd6 Re6 22.Bxb8 Nxb8 23.Qa8 Ra6 24.Nxe4 1-0